NBA players by face - Statistics

General Stats
  • This quiz has been taken 773 times
  • The average score is 14 of 16
Answer Stats
Picture Answer % Correct
Lebron James
99%
Kobe Bryant
98%
Luka Doncic
95%
Michael Jordan
95%
Shaq
94%
Giannis Antetokounmpo
91%
Allen Iverson
87%
Dirk Nowitzki
86%
Wilt Chamberlain
85%
Kevin Durant
84%
LaMelo Ball
84%
Derrick Rose
78%
Kyrie Irving
77%
Russell Westbrook
76%
Alex Caruso
68%
Steph Curry
65%
No matching quizzes found
Score Distribution
Percent of People with Each Score
Percentile by Number Answered
Your Score History
You have not taken this quiz